Vybrané ukazovatele o zdravotných poisťovniach, Sociálnej poisťovni a Národnom úrade práce za 3. štvrťrok 1999

Enregistré dans:
Détails bibliographiques
Format: Livre
Langue:slovaque
Publié: Bratislava Štatistický úrad Slovenskej republiky 1999
Collection:Financie a investície
Tags: Ajouter un tag
Pas de tags, Soyez le premier à ajouter un tag!

MARC

LEADER 00000nam$a2200000$$$4500
001 0022781
005 20260213072013.9
041 0 |a slo 
044 |a SK 
245 1 0 |a Vybrané ukazovatele o zdravotných poisťovniach, Sociálnej poisťovni a Národnom úrade práce za 3. štvrťrok 1999 
264 1 |a Bratislava  |b Štatistický úrad Slovenskej republiky  |c 1999 
300 |a 24 s. 
490 1 |a Financie a investície 
830 0 |a Financie a investície